Histoire littéraire du XVIIIe siècle (notice n° 1925068)
[ vue normale ]
| 000 -LEADER | |
|---|---|
| fixed length control field | 01394cam a2200133 4500500 |
| 005 - DATE AND TIME OF LATEST TRANSACTION | |
| control field | 20260329023139.0 |
| 041 ## - LANGUAGE CODE | |
| Language code of text/sound track or separate title | fre |
| 042 ## - AUTHENTICATION CODE | |
| Authentication code | dc |
| 100 10 - MAIN ENTRY--PERSONAL NAME | |
| Personal name | Marchand, Sophie |
| Relator term | author |
| 245 00 - TITLE STATEMENT | |
| Title | Histoire littéraire du XVIIIe siècle |
| 260 ## - PUBLICATION, DISTRIBUTION, ETC. | |
| Name of publisher, distributor, etc. | Armand Colin,<br/> |
| Date of publication, distribution, etc. | 2014.<br/> |
| 520 ## - SUMMARY, ETC. | |
| Summary, etc. | Un petit livre pour un grand siècle : comment rendre compte de toutes les facettes d’une époque qui, s’ouvrant sur une sévère fin de règne, s’achève par une Révolution, oscille entre raison et sentiment, esprit scientifique et libertinage, pratique tous les genres, renouvelle les formes, se nourrit de la littérature du passé en inventant celle de l’avenir ?Pour embrasser un siècle si riche, l’auteur nous propose une histoire vivante de la littérature du XVIIIe siècle, restituant, dans son foisonnement et sa richesse, dans ses contradictions même, une évolution des formes et des sujets d’écriture indissociable des soubresauts de l’histoire et des mutations de la pensée.Explorer la littérature de ce siècle, c’est donc entrer dans la vie des idées d’un temps qui eut passionnément le goût du débat et choisit délibérément de pratiquer, dans le champ des savoirs comme dans le rapport aux autorités, une indiscipline féconde. |
| 856 41 - ELECTRONIC LOCATION AND ACCESS | |
| Uniform Resource Identifier | <a href="https://shs.cairn.info/histoire-litteraire-du-xviiie-siecle--9782200290672?lang=fr&redirect-ssocas=7080">https://shs.cairn.info/histoire-litteraire-du-xviiie-siecle--9782200290672?lang=fr&redirect-ssocas=7080</a> |
Pas d'exemplaire disponible.




Réseaux sociaux